Finance against poverty / (Record no. 9129)

MARC details
000 -LEADER
fixed length control field 01155cam a2200361 a 4500
001 - CONTROL NUMBER
control field 3538312
003 - CONTROL NUMBER IDENTIFIER
control field OSt
005 - DATE AND TIME OF LATEST TRANSACTION
control field 20240710092149.0
008 - FIXED-LENGTH DATA ELEMENTS--GENERAL INFORMATION
fixed length control field 961202m19009999enkak b 001 0 eng d
010 ## - LIBRARY OF CONGRESS CONTROL NUMBER
LC control number 96225096
015 ## - NATIONAL BIBLIOGRAPHY NUMBER
National bibliography number GB96-79813
020 ## - INTERNATIONAL STANDARD BOOK NUMBER
International Standard Book Number 0415124301 (hbk)
020 ## - INTERNATIONAL STANDARD BOOK NUMBER
International Standard Book Number 041512431X (pbk)
020 ## - INTERNATIONAL STANDARD BOOK NUMBER
Canceled/invalid ISBN 9781134803774
Qualifying information ebook
035 ## - SYSTEM CONTROL NUMBER
System control number (OCoLC)35829289
040 ## - CATALOGING SOURCE
Transcribing agency MUST
042 ## - AUTHENTICATION CODE
Authentication code lccopycat
043 ## - GEOGRAPHIC AREA CODE
Geographic area code d------
082 00 - DEWEY DECIMAL CLASSIFICATION NUMBER
Classification number 338.9
Edition number 22
100 ## - MAIN ENTRY--PERSONAL NAME
Personal name Hulme, David
9 (RLIN) 7401
245 00 - TITLE STATEMENT
Title Finance against poverty /
Statement of responsibility, etc. David Hulme and Paul Mosley.
260 ## - PUBLICATION, DISTRIBUTION, ETC. (IMPRINT)
Place of publication, distribution, etc. London ;
-- New York :
Name of publisher, distributor, etc. Routledge,
Date of publication, distribution, etc. <1996- >
300 ## - PHYSICAL DESCRIPTION
Extent xvii,221p.
Other physical details ill. ;
Dimensions 24 cm.
504 ## - BIBLIOGRAPHY, ETC. NOTE
Bibliography, etc Includes bibliographical references and index.
650 #0 - SUBJECT ADDED ENTRY--TOPICAL TERM
Topical term or geographic name as entry element Poverty
9 (RLIN) 8
700 1# - ADDED ENTRY--PERSONAL NAME
Personal name Hulme, David.
9 (RLIN) 7401
700 1# - ADDED ENTRY--PERSONAL NAME
Personal name Mosley, Paul.
9 (RLIN) 18581
856 42 - ELECTRONIC LOCATION AND ACCESS
Materials specified Publisher description
Uniform Resource Identifier http://www.loc.gov/catdir/enhancements/fy0649/96225096-d.html
906 ## - LOCAL DATA ELEMENT F, LDF (RLIN)
a 7
b cbc
c copycat
d 2
e ncip
f 19
g y-gencatlg
942 ## - ADDED ENTRY ELEMENTS (KOHA)
Source of classification or shelving scheme Dewey Decimal Classification
Koha item type Open Shelf
Holdings
Withdrawn status Lost status Source of classification or shelving scheme Damaged status Not for loan Home library Current library Date acquired Source of acquisition Inventory number Total Checkouts Full call number Barcode Date last seen Price effective from Koha item type
    Dewey Decimal Classification     MUST Main Library MUST Main Library 10/07/2024 Purchase 02/16959   338.9 HUL 1996 2024-21886 10/07/2024 10/07/2024 Open Shelf